000 002680000a22000970004500
100 1 _aCarrillo L., Pablo
245 1 0 _aEl desafío del Islam en el siglo XXI
300 _aVol. 18, Num 3 (Julio-Septiembre, 1999), Páginas 6-9
773 0 _tIglesia y Misión
942 _cANA
999 _c52400
_d52400